| 000 | 01466nam a2200433 i 4500 | ||
|---|---|---|---|
| 001 | 32694 | ||
| 003 | KOSZ 005 | ||
| 005 | 20240405063058.0 | ||
| 008 | 971010s1997 pl f |000 0 pol u | ||
| 020 | _a8390536218 | ||
| 040 |
_cKOSZ 005 _aKOSZ 005 _dKOSZ 005/HR |
||
| 046 | _k1997 | ||
| 080 | _a625.7/.8 | ||
| 080 | _a504.5 | ||
| 080 | _a349.6(438) | ||
| 245 | 0 | 0 |
_aOceny oddziaływania dróg na środowisko. _nCz. 2, _pAneksy / _cGeneralna Dyrekcja Dróg Publicznych ; zesp. aut. Marian Tracz [et al.]. |
| 260 |
_aWarszawa : _bEkodroga, _c1997. |
||
| 300 |
_a[2], 206 s. pag. varia, 2 k. tabl. : _bfot., mapy., rys., wykr. ; _c24 cm. |
||
| 380 | _aKsiążki | ||
| 388 | _a1901-2000 | ||
| 388 | _a1989-2000 | ||
| 504 | _aBibliogr. przy rozdz. | ||
| 648 | 7 | _a1901-2000 | |
| 648 | 7 | _a1989-2000 | |
| 650 | 7 | _aDrogi | |
| 650 | 7 | _aKomunikacja drogowa | |
| 650 | 7 | _aTransport samochodowy | |
| 650 | 7 | _aWpływ na środowisko | |
| 650 | 7 | _aPrawo ochrony środowiska | |
| 650 | 7 | _aOcena oddziaływania na środowisko | |
| 651 | 7 | _aPolska | |
| 655 | 7 | _aPraca zbiorowa | |
| 658 | _aArchitektura i budownictwo | ||
| 658 | _aOchrona środowiska | ||
| 658 | _aPrawo i wymiar sprawiedliwości | ||
| 700 | 1 |
_aTracz, Marian _d(1943- ) _eAutor |
|
| 856 |
_uhttp://koha.tu.koszalin.pl/cgi-bin/koha/opac-detail.pl?biblionumber=32694 _yKatalog online BPK |
||
| 942 |
_cKS _2UKD |
||
| 999 |
_c32694 _d32694 |
||